00421nam a2200181Ia 450000500170000000800410001702000180005804100080007608200130008410000120009724500190010925000120012826000320014030000090017250000230018165000230020470000120022720230228114522.0230125s9999 xx 000 0 und d a9788130918723 aeng a823bBLO aBloom H aAs You Like It a1st Ed. c2011bViva BooksaNew Delhi a237p aEnglish Literature aEnglish Literature aBloom H